000 01008cad a22002055a 4500
001 L150139
008 100604s20100408xxk f 000 0 eng d
035 _a(Sirsi) u150139
041 0 _aeng
050 0 4 _a333.33 $2 18
110 2 _aLloyds Banking Group
_95822
245 0 0 _aHalifax House Price Index
_bMarch 2010
_h[electronic resource]
260 _aLondon
_bLloydsbankinggroup
_c2010
520 _aUnited Kingdom house prices increased by 1.1% in March 2010, 5.2% higher than in March 2009. There are signs that an increase in the number of properties available for sale is beginning to reduce the imbalance between supply and demand. This should help to contain the upward pressure on house prices.
590 _aKA
651 4 _aUnited Kingdom
_y
690 _aPROPERTY-RESIDENTIAL PROPERTY-RESIDENTIAL PROPERTY MARKET
856 4 8 _uhttps://www.lloydsbankinggroup.com/media/pdfs/research/2010/HousePriceIndexMar2010v2.pdf
_zView this item free of charge at www.lloydsbankinggroup.com
942 _n0
999 _c110749
_d110749